000 01143nam a2200229Ia 4500
001 11544
003 GE_BSU
008 181216s||||||||xx |||||||||||||| ||und||
040 _cGE_BSU
080 _a631.8(075.8)+63:54(075.8)
245 _aაგროქიმია. ნაწ.2.
245 _bსახელმძღვ.სას.სამ.უმაღლ.სასწავლებლების აგრონომიული ფაკ–ტების სტუდენტებისათვის.
245 _cპ.სმირნოვისა და ა.პეტერბურგსკის რედ. თარგმანი.მთარგ:ჯ.მენაღარიშვილი,ი.ა.ნაკაიძე.რედ:ი.ნაკაიძე.
250 _aგადამუშ და შევსებ.მე–3 რუსული გამოცემიდან.
260 _aთბილისი.
260 _bგანათლება.
260 _c1982.
300 _a358გვ;22სმ.
300 _eცხრ.
653 _aაგროქიმია. ნაწ.2.
942 _cBK
999 _c44739
_d44739